Luật về doanh nghiệp và những hướng dẫn mới
Sách giới thiệu các Luật về doanh nghiệp như Luật Doanh nghiệp nhà nước, Luật Doanh nghiệp tư nhân, Luật Công ty, Luật Hợp tác xã, cùng với các hướng dẫn thi hành các Luật trên, đặc biệt là những hướng dẫn mới ban hành...
محفوظ في:
| المؤلف الرئيسي: | |
|---|---|
| التنسيق: | كتاب |
| اللغة: | Undetermined |
| منشور في: |
Hà Nội
Thống Kê
1998
|
| الموضوعات: | |
| الوسوم: |
إضافة وسم
لا توجد وسوم, كن أول من يضع وسما على هذه التسجيلة!
|
| Thư viện lưu trữ: | Trung tâm Học liệu Trường Đại học Cần Thơ |
|---|
| LEADER | 00948nam a2200205Ia 4500 | ||
|---|---|---|---|
| 001 | CTU_22564 | ||
| 008 | 210402s9999 xx 000 0 und d | ||
| 020 | |b 34,500đ | ||
| 082 | |a 346.066 | ||
| 082 | |b Qu527 | ||
| 100 | |a Phạm Quyền | ||
| 245 | 0 | |a Luật về doanh nghiệp và những hướng dẫn mới | |
| 245 | 0 | |c Phạm Quyền, Phạm Kim Oanh | |
| 260 | |a Hà Nội | ||
| 260 | |b Thống Kê | ||
| 260 | |c 1998 | ||
| 520 | |a Sách giới thiệu các Luật về doanh nghiệp như Luật Doanh nghiệp nhà nước, Luật Doanh nghiệp tư nhân, Luật Công ty, Luật Hợp tác xã, cùng với các hướng dẫn thi hành các Luật trên, đặc biệt là những hướng dẫn mới ban hành | ||
| 650 | |a vietnam - economic policy | ||
| 904 | |i Minh, 980515 | ||
| 980 | |a Trung tâm Học liệu Trường Đại học Cần Thơ | ||